Vista normal
Vista MARC
Entrada Materia (corporativa)
Número de registros utilizados en: 1
001 - CONTROL NUMBER
- control field: 101833
003 - CONTROL NUMBER IDENTIFIER
- control field: Co-BoUCM
005 - DATE AND TIME OF LATEST TRANSACTION
- control field: 20201203150442.0
008 - FIXED-LENGTH DATA ELEMENTS
- fixed length control field: 201203|| aca||aabn | a|a d
040 ## - CATALOGING SOURCE
- Original cataloging agency: Co-BoUCM
- Transcribing agency: Co-BoUCM
110 ## - HEADING--CORPORATE NAME
- Corporate name or jurisdiction name as entry element: United Nations
- Subordinate unit: International Law Commission
670 ## - SOURCE DATA FOUND
- Source citation: Work cat.: (Co-BoUCM)318285: 1, The International Law Commission's articles on state responsibility, 2002